[Event "DEM U16 2006"]
[Site "Willingen GER"]
[Date "2006.06.04"]
[Round "1"]
[White "Lubbe, Nikolas"]
[Black "Englert, Fabian"]
[Result "1-0"]
[Termination "normal"]
[Board "1"]
[WhiteElo "2263"]
[BlackElo "2068"]
[PlyCount "73"]
[WhiteFideId "4694031"]
[BlackFideId "24614467"]
[EventCountry "GER"]
[EventRounds "9"]
[EventType "swiss"]
[EventDate "2006.06.03"]

1. e4 g6 2. d4 Bg7 3. Nc3 d6 4. Be3 a6 5. Qd2 Nd7 6. f3 b5 7. g4 Bb7 8. Nge2 c5
9. Ng3 Qc7 10. Nd1 cxd4 11. Bxd4 Bxd4 12. Qxd4 Ne5 13. Be2 Qc5 14. Qxc5 dxc5
15. Ne3 e6 16. a4 b4 17. f4 Nc6 18. Nc4 O-O-O 19. c3 Nge7 20. O-O f5 21. e5 Kc7
22. Nd6 Rhf8 23. Bc4 Rxd6 24. exd6+ Kxd6 25. Rad1+ Nd5 26. gxf5 gxf5 27. Ba2
Na5 28. c4 b3 29. cxd5 bxa2 30. dxe6+ Kxe6 31. Rfe1+ Kf6 32. Rd6+ Kg7 33. Ra1
Rf7 34. Rxa2 Nb3 35. Ra3 c4 36. a5 Bc8 37. Nh5+ 1-0

[Event "DEM U16 2006"]
[Site "Willingen GER"]
[Date "2006.06.04"]
[Round "1"]
[White "Fink, Leander"]
[Black "Tereick, Benjamin"]
[Result "0-1"]
[Termination "normal"]
[Board "2"]
[WhiteElo "1997"]
[BlackElo "2238"]
[PlyCount "68"]
[WhiteFideId "24605247"]
[BlackFideId "24607541"]
[EventCountry "GER"]
[EventRounds "9"]
[EventType "swiss"]
[EventDate "2006.06.03"]

1. Nf3 d5 2. d3 Nf6 3. g3 g6 4. Bg2 Bg7 5. O-O b6 6. e4 dxe4 7. dxe4 Qxd1 8.
Rxd1 Bb7 9. e5 Nfd7 10. e6 fxe6 11. c3 Na6 12. Be3 h6 13. Bd4 Bxd4 14. Nxd4
Bxg2 15. Kxg2 e5 16. Nc6 Rf8 17. Re1 Nac5 18. Na3 Rf6 19. Nb4 c6 20. Rad1 e4
21. Re2 O-O-O 22. Nbc2 Rdf8 23. Ne1 Ne5 24. b4 Ncd3 25. Nxd3 Nxd3 26. Rdd2 Rf3
27. Nb1 c5 28. Rc2 e3 29. fxe3 Rf1 30. Nd2 R1f2+ 31. Rxf2 Rxf2+ 32. Kh3 Re2 33.
bxc5 bxc5 34. a3 Nf2+ 0-1

[Event "DEM U16 2006"]
[Site "Willingen GER"]
[Date "2006.06.04"]
[Round "1"]
[White "Beck, Frederik"]
[Black "Rudolf, Sebastian"]
[Result "1-0"]
[Termination "normal"]
[Board "3"]
[WhiteElo "2225"]
[BlackElo "1989"]
[PlyCount "67"]
[WhiteFideId "4687388"]
[BlackFideId "24609390"]
[EventCountry "GER"]
[EventRounds "9"]
[EventType "swiss"]
[EventDate "2006.06.03"]

1. e4 c5 2. Nf3 Nc6 3. d4 cxd4 4. Nxd4 Nf6 5. Nc3 e5 6. Ndb5 d6 7. Bg5 a6 8.
Na3 b5 9. Nd5 Be7 10. Bxf6 Bxf6 11. c4 b4 12. Nc2 Rb8 13. b3 Bg5 14. g3 O-O 15.
h4 Bh6 16. Bh3 Bxh3 17. Rxh3 Qd7 18. g4 Bf4 19. Qf3 a5 20. Rd1 Qe6 21. Nxf4
exf4 22. Qxf4 Ne5 23. Nd4 Qxg4 24. Qxg4 Nxg4 25. Nf5 Ne5 26. Nxd6 a4 27. Ke2
Ra8 28. f4 Nd7 29. Nb7 Nf6 30. Kf3 h5 31. Rh2 axb3 32. axb3 Ra3 33. Rd3 Ng4 34.
Rc2 1-0

[Event "DEM U16 2006"]
[Site "Willingen GER"]
[Date "2006.06.04"]
[Round "1"]
[White "Müller, Jan-Hendrik"]
[Black "Dinger, Florian"]
[Result "1/2-1/2"]
[Termination "normal"]
[Board "4"]
[WhiteElo "1978"]
[BlackElo "2205"]
[PlyCount "76"]
[WhiteFideId "24615048"]
[BlackFideId "24605573"]
[EventCountry "GER"]
[EventRounds "9"]
[EventType "swiss"]
[EventDate "2006.06.03"]

1. c4 d6 2. g3 e5 3. Bg2 Nc6 4. Nc3 Be6 5. d3 g6 6. e4 Bg7 7. Nge2 Nge7 8. O-O
Qd7 9. Be3 O-O 10. f4 f5 11. Qd2 Nd4 12. Rab1 c6 13. Rf2 d5 14. cxd5 cxd5 15.
fxe5 Nxe2+ 16. Nxe2 dxe4 17. dxe4 Qxd2 18. Bxd2 Bxe5 19. b3 fxe4 20. Bxe4 Rxf2
21. Kxf2 Rf8+ 22. Kg2 Bf5 23. Bxf5 Nxf5 24. Rc1 Rd8 25. Rc2 Rd7 26. Bc1 Kf7 27.
Rd2 Rxd2 28. Bxd2 Ke6 29. Nc3 Bxc3 30. Bxc3 Kd5 31. Kf3 Nd4+ 32. Ke3 Ne6 33.
Bb2 a6 34. Bc3 b5 35. Bd2 Ke5 36. Bc3+ Kd5 37. Kd3 Nc5+ 38. Ke3 Ne6 1/2-1/2

[Event "DEM U16 2006"]
[Site "Willingen GER"]
[Date "2006.06.04"]
[Round "1"]
[White "Schneider, David"]
[Black "Seemann, Semjon"]
[Result "1-0"]
[Termination "normal"]
[Board "5"]
[WhiteElo "2188"]
[BlackElo "1950"]
[PlyCount "53"]
[WhiteFideId "4697111"]
[BlackFideId "24624080"]
[EventCountry "GER"]
[EventRounds "9"]
[EventType "swiss"]
[EventDate "2006.06.03"]

1. e4 c5 2. Nf3 Nc6 3. Bb5 g6 4. O-O Bg7 5. Bxc6 dxc6 6. d3 b6 7. Nbd2 e5 8.
Nc4 f6 9. Qe2 Nh6 10. Ne1 O-O 11. f4 Be6 12. fxe5 fxe5 13. Rxf8+ Bxf8 14. Nf3
Nf7 15. b3 Bg7 16. Bb2 Qc7 17. a4 a5 18. Bc3 Rf8 19. Qe1 Bxc4 20. bxc4 Bh6 21.
Rb1 Bf4 22. Qh4 Rb8 23. Qf6 Rf8 24. Qe6 Kh8 25. Kh1 Nd8 26. Qg4 Qf7 27. Qxf4
1-0

[Event "DEM U16 2006"]
[Site "Willingen GER"]
[Date "2006.06.04"]
[Round "1"]
[White "Falke, Isaak"]
[Black "Klein, Felix"]
[Result "0-1"]
[Termination "normal"]
[Board "6"]
[WhiteElo "1944"]
[BlackElo "2176"]
[PlyCount "126"]
[WhiteFideId "24614483"]
[BlackFideId "24600458"]
[EventCountry "GER"]
[EventRounds "9"]
[EventType "swiss"]
[EventDate "2006.06.03"]

1. d4 d5 2. c4 e6 3. Nc3 c6 4. e4 dxe4 5. Nxe4 Bb4+ 6. Nc3 c5 7. a3 Ba5 8. dxc5
Qxd1+ 9. Kxd1 Bxc3 10. bxc3 Nd7 11. Be3 Ngf6 12. f3 O-O 13. Ne2 e5 14. Ng3 Rd8
15. Kc2 Nf8 16. Bd3 Bd7 17. a4 Ne6 18. Nf5 Bc6 19. Ne7+ Kf8 20. Nxc6 bxc6 21.
Rhb1 Rab8 22. a5 Nd7 23. Be4 Rdc8 24. Rxb8 Rxb8 25. Rb1 Rxb1 26. Kxb1 Nb8 27.
Bf2 g6 28. Bc2 Ke8 29. Bh4 Nxc5 30. Bf2 Nbd7 31. Be4 Nxe4 32. fxe4 c5 33. Kc2
Kd8 34. Kb3 Kc7 35. g4 Kc6 36. g5 Nf8 37. Bg3 Kd6 38. Ka4 a6 39. h4 Ne6 40. Kb3
Nd8 41. Bf2 Nb7 42. Ka4 Ke6 43. Bg1 f6 44. gxf6 Kxf6 45. Be3 Kf7 46. Bf2 h6 47.
Ka3 g5 48. hxg5 hxg5 49. Kb2 Ke6 50. Kc2 Kd6 51. Kd3 Nxa5 52. Be3 g4 53. Bh6
Nc6 54. Ke3 a5 55. Kf2 a4 56. Bc1 Na5 57. Bb2 Nxc4 58. Ba1 a3 59. Kg3 Ne3 60.
c4 Nc2 61. Bc3 a2 62. Kxg4 a1=Q 63. Bxa1 Nxa1 0-1

[Event "DEM U16 2006"]
[Site "Willingen GER"]
[Date "2006.06.04"]
[Round "1"]
[White "Baldauf, Marco"]
[Black "Heider, Martin"]
[Result "1-0"]
[Termination "normal"]
[Board "7"]
[WhiteElo "2128"]
[BlackElo "1944"]
[PlyCount "103"]
[WhiteFideId "4688210"]
[EventCountry "GER"]
[EventRounds "9"]
[EventType "swiss"]
[EventDate "2006.06.03"]

1. e4 c5 2. Nf3 Nc6 3. Bb5 g6 4. Bxc6 dxc6 5. h3 Bg7 6. d3 Nh6 7. Nc3 f6 8. Be3
b6 9. O-O e5 10. a3 Nf7 11. b4 cxb4 12. axb4 O-O 13. Ra3 f5 14. Qa1 f4 15. Bd2
Ng5 16. Qd1 Kh8 17. Nh2 Be6 18. f3 Qd4+ 19. Kh1 Qxb4 20. Qa1 Qe7 21. Ne2 Nf7
22. Bc3 g5 23. Rb1 Qc7 24. Ng4 Bxg4 25. hxg4 Bf6 26. d4 Rfd8 27. dxe5 Bxe5 28.
Nd4 Re8 29. Ra6 Qd6 30. Rxa7 Rxa7 31. Qxa7 Bxd4 32. Bxd4+ Qxd4 33. Qxf7 Rg8 34.
c3 Qxc3 35. Rd1 Qg7 36. Qe6 Qg6 37. Qe5+ Qg7 38. Qd6 Qg6 39. Qd4+ Qg7 40. Qxb6
Qh6+ 41. Kg1 Qg6 42. Qd4+ Qg7 43. Qc5 Rc8 44. Rd6 Qe7 45. e5 Rc7 46. Qd4 c5 47.
Qd5 Rc8 48. Rd7 Qf8 49. e6 Re8 50. Qe5+ Kg8 51. Qxg5+ Kh8 52. Rf7 1-0

[Event "DEM U16 2006"]
[Site "Willingen GER"]
[Date "2006.06.04"]
[Round "1"]
[White "Glantz, Robert"]
[Black "Müller, Reinhold"]
[Result "0-1"]
[Termination "normal"]
[Board "8"]
[WhiteElo "1926"]
[BlackElo "2114"]
[PlyCount "106"]
[WhiteFideId "24629596"]
[BlackFideId "24605875"]
[EventCountry "GER"]
[EventRounds "9"]
[EventType "swiss"]
[EventDate "2006.06.03"]

1. e4 c5 2. Nf3 d6 3. d4 cxd4 4. Nxd4 Nf6 5. Nc3 g6 6. Be3 Bg7 7. f3 O-O 8. Qd2
Nc6 9. Bc4 Bd7 10. Bb3 Rc8 11. O-O-O Ne5 12. Kb1 Nc4 13. Bxc4 Rxc4 14. g4 b5
15. b3 Rc8 16. Ndxb5 a6 17. Nd4 Qc7 18. Nd5 Nxd5 19. exd5 a5 20. h4 Qc3 21. Qf2
e5 22. dxe6 fxe6 23. Rd3 Qc7 24. Qd2 e5 25. Ne2 Rxf3 26. Rxd6 Bxg4 27. Bb6 Qb7
28. Rc1 a4 29. Ng1 Rff8 30. b4 Bf5 31. Ne2 Rf6 32. Ng3 Rxd6 33. Qxd6 Bf8 34.
Qxe5 Qxb6 35. Nxf5 Qxb4+ 36. Ka1 Qc3+ 37. Qxc3 Rxc3 38. Kb2 Rf3 39. Nd4 Rf4 40.
Ne6 Rxh4 41. Nxf8 Kxf8 42. Ka3 Rc4 43. Rb1 Rxc2 44. Rb4 h5 45. Rxa4 Kg7 46. Kb3
Rc7 47. Rb4 g5 48. a4 h4 49. a5 Ra7 50. Ka4 Kg6 51. Rb8 g4 52. Kb5 h3 53. a6 h2
0-1

[Event "DEM U16 2006"]
[Site "Willingen GER"]
[Date "2006.06.04"]
[Round "1"]
[White "Carlstedt, Jonathan"]
[Black "Isakson, Alex"]
[Result "1-0"]
[Termination "normal"]
[Board "9"]
[WhiteElo "2094"]
[BlackElo "1905"]
[PlyCount "95"]
[WhiteFideId "24614386"]
[BlackFideId "24637351"]
[EventCountry "GER"]
[EventRounds "9"]
[EventType "swiss"]
[EventDate "2006.06.03"]

1. c4 e5 2. Nc3 Nc6 3. g3 g6 4. Bg2 Bg7 5. e3 Nge7 6. Nge2 d6 7. d3 O-O 8. Rb1
a5 9. a3 Be6 10. b4 axb4 11. axb4 Qd7 12. b5 Nd8 13. h4 f5 14. Bb2 d5 15. cxd5
Nxd5 16. d4 e4 17. Nxd5 Bxd5 18. Nc3 Bc4 19. Bf1 Bxf1 20. Kxf1 Nf7 21. Qb3 Kh8
22. Ke2 Nd6 23. h5 g5 24. h6 Bf6 25. Nd5 Qf7 26. Bc3 Bd8 27. Bb4 Qd7 28. Ba3
Rf7 29. b6 Ne8 30. bxc7 Bxc7 31. Rhc1 Bd8 32. Bb2 Ra5 33. Rc5 Kg8 34. Rbc1 Qe6
35. Rxa5 Bxa5 36. Qb5 b6 37. Ba3 Rd7 38. Rc8 Rxd5 39. Rxe8+ Kf7 40. Rf8+ Kg6
41. Qc4 Rd6 42. Qxe6+ Rxe6 43. d5 Rf6 44. Rg8+ Kxh6 45. Be7 Rg6 46. Rb8 Kg7 47.
d6 Bb4 48. Bf8+ 1-0

[Event "DEM U16 2006"]
[Site "Willingen GER"]
[Date "2006.06.04"]
[Round "1"]
[White "Holgert, Michael"]
[Black "Schlötzer, Waldemar"]
[Result "1-0"]
[Termination "normal"]
[Board "10"]
[WhiteElo "1863"]
[BlackElo "2094"]
[PlyCount "93"]
[WhiteFideId "24668990"]
[BlackFideId "24602140"]
[EventCountry "GER"]
[EventRounds "9"]
[EventType "swiss"]
[EventDate "2006.06.03"]

1. d4 d5 2. Nf3 Nf6 3. e3 Bg4 4. c4 Bxf3 5. Qxf3 e6 6. Nc3 c6 7. Bd3 Be7 8. O-O
O-O 9. Rd1 Nbd7 10. cxd5 exd5 11. Qh3 g6 12. Bc2 Re8 13. a3 a5 14. Rb1 Bf8 15.
b3 b5 16. Qf3 Nb6 17. Ra1 Qe7 18. Re1 Ne4 19. Bxe4 dxe4 20. Qd1 b4 21. Ne2 Nd5
22. axb4 Nxb4 23. Ba3 Qb7 24. Nf4 Bh6 25. Bxb4 Qxb4 26. Ra4 Qb5 27. Ne2 Reb8
28. Nc1 Bf8 29. Re2 Qd5 30. Rea2 Bb4 31. Qc2 c5 32. Ne2 Rc8 33. Nf4 Qf5 34. d5
g5 35. Nh5 Ra6 36. Ng3 Qxd5 37. Rxb4 Rd8 38. Rxe4 Rb6 39. h3 Qxb3 40. Qxb3 Rxb3
41. Rea4 h6 42. Rxa5 Rd1+ 43. Kh2 c4 44. Rc2 c3 45. Rc5 Rd2 46. R5xc3 Rxc3 47.
Rxd2 1-0

[Event "DEM U16 2006"]
[Site "Willingen GER"]
[Date "2006.06.04"]
[Round "1"]
[White "Ohme, Melanie"]
[Black "Becker, Carsten"]
[Result "1-0"]
[Termination "normal"]
[Board "11"]
[WhiteElo "2081"]
[BlackElo "1840"]
[PlyCount "63"]
[WhiteFideId "4690745"]
[BlackFideId "24646822"]
[EventCountry "GER"]
[EventRounds "9"]
[EventType "swiss"]
[EventDate "2006.06.03"]

1. e4 e6 2. d4 c5 3. c3 a6 4. Nf3 Nf6 5. e5 Nd5 6. Bc4 d6 7. O-O Nc6 8. Re1 Be7
9. Nbd2 dxe5 10. dxe5 Nf4 11. Qc2 Ng6 12. Bd3 Qc7 13. Bxg6 hxg6 14. a4 b6 15.
Nc4 Rb8 16. Bf4 O-O 17. Rad1 Bb7 18. Rd2 b5 19. axb5 axb5 20. Nd6 Ba8 21. Qd3
c4 22. Qe3 Na5 23. Bg5 Nb3 24. Rdd1 Bxf3 25. gxf3 Bxd6 26. Rxd6 Nc5 27. Rd4 f6
28. exf6 gxf6 29. Bh6 Rf7 30. Rg4 g5 31. h4 Qe5 32. Rxg5+ 1-0

[Event "DEM U16 2006"]
[Site "Willingen GER"]
[Date "2006.06.04"]
[Round "1"]
[White "Kalisch, Michael"]
[Black "Werthebach, Felix"]
[Result "1/2-1/2"]
[Termination "normal"]
[Board "12"]
[WhiteElo "1824"]
[BlackElo "2081"]
[PlyCount "107"]
[BlackFideId "24609684"]
[EventCountry "GER"]
[EventRounds "9"]
[EventType "swiss"]
[EventDate "2006.06.03"]

1. e4 c5 2. c3 Nf6 3. e5 Nd5 4. d4 cxd4 5. Nf3 e6 6. cxd4 Nc6 7. Nc3 d6 8. Nxd5
exd5 9. Be2 Be7 10. O-O O-O 11. Bf4 dxe5 12. Nxe5 Be6 13. Nxc6 bxc6 14. Be5 Qb6
15. b3 Rac8 16. Qd3 f6 17. Bf4 c5 18. dxc5 Bxc5 19. Qa6 Rfd8 20. Rac1 Bf5 21.
Bd3 Be4 22. Be3 Bxd3 23. Qxd3 Bxe3 24. Qxe3 Qxe3 25. fxe3 Kf7 26. Kf2 Ke6 27.
Rfd1 Ke5 28. Kf3 f5 29. g3 h6 30. Ke2 g5 31. Kd3 g4 32. Rxc8 Rxc8 33. Rh1 a5
34. h4 a4 35. Rb1 Ra8 36. b4 a3 37. Rb3 Rb8 38. b5 Rb6 39. Rb4 Ke6 40. Kd4 Kd6
41. Rb3 Rb7 42. Rxa3 Rxb5 43. Ra6+ Kd7 44. Rxh6 Ra5 45. Rh5 Rxa2 46. Rxf5 Rg2
47. Rxd5+ Ke6 48. Rg5 Rxg3 49. Ke4 Kf6 50. Kd4 Rg1 51. e4 g3 52. Ke3 Rh1 53.
Rg4 g2 54. Rxg2 1/2-1/2

[Event "DEM U16 2006"]
[Site "Willingen GER"]
[Date "2006.06.04"]
[Round "1"]
[White "Kaczmarczyk, Dennis"]
[Black "Schwenke, Vincent"]
[Result "1-0"]
[Termination "normal"]
[Board "13"]
[WhiteElo "2075"]
[BlackElo "1794"]
[PlyCount "103"]
[WhiteFideId "24608297"]
[BlackFideId "24620467"]
[EventCountry "GER"]
[EventRounds "9"]
[EventType "swiss"]
[EventDate "2006.06.03"]

1. d4 f5 2. Bg5 h6 3. Bh4 Nf6 4. Bxf6 exf6 5. e3 g6 6. c4 Bb4+ 7. Nc3 O-O 8.
Bd3 d6 9. Nge2 Nc6 10. h4 Ne7 11. Qc2 Bd7 12. O-O-O Bxc3 13. Qxc3 c6 14. Nf4
Kg7 15. Rh3 d5 16. c5 b5 17. Qc2 Qe8 18. Rdh1 Rh8 19. Qe2 h5 20. Rg3 Kh6 21.
Kb1 Qf7 22. f3 Rae8 23. Qc2 Rhg8 24. Qd2 Kh7 25. Re1 Rg7 26. Rh3 Kh8 27. Rhh1
Rgg8 28. Bc2 Nc8 29. Ka1 Re7 30. e4 fxe4 31. fxe4 dxe4 32. Rxe4 Rxe4 33. Bxe4
f5 34. Bf3 Re8 35. d5 Ne7 36. d6 Ng8 37. Re1 Nf6 38. a3 Ne4 39. Bxe4 fxe4 40.
Qd4+ Kh7 41. Rxe4 Bf5 42. Rxe8 Qxe8 43. Qd1 Qf7 44. g3 Kg8 45. Qd2 Kf8 46. Ne2
Ke8 47. Nd4 Be4 48. Qe2 Qd5 49. Nf3 Qd3 50. Qxd3 Bxd3 51. Ne5 Be4 52. b4 1-0

[Event "DEM U16 2006"]
[Site "Willingen GER"]
[Date "2006.06.04"]
[Round "1"]
[White "Mangold, Thomas"]
[Black "Savchenko, Aleksij"]
[Result "1-0"]
[Termination "normal"]
[Board "14"]
[WhiteElo "1646"]
[BlackElo "2074"]
[PlyCount "109"]
[WhiteFideId "24671665"]
[BlackFideId "24611727"]
[EventCountry "GER"]
[EventRounds "9"]
[EventType "swiss"]
[EventDate "2006.06.03"]

1. f4 d5 2. Nf3 g6 3. e3 Bg7 4. d4 Nh6 5. c4 c6 6. Nc3 O-O 7. Qb3 dxc4 8. Bxc4
b5 9. Bd3 Be6 10. Qd1 Nd7 11. O-O Rc8 12. e4 Nb6 13. Ne2 Bc4 14. h3 c5 15. e5
Nf5 16. Bxf5 gxf5 17. Re1 e6 18. b3 Bd5 19. Nc3 a6 20. Nxd5 Nxd5 21. dxc5 Rxc5
22. Qd4 Qb6 23. Be3 Rfc8 24. Kh2 Qc7 25. Qxc5 Qxc5 26. Bxc5 Rxc5 27. Rac1 Bf8
28. g3 b4 29. Rxc5 Bxc5 30. Rc1 Nc3 31. Rc2 Kf8 32. Ng1 Ke7 33. Ne2 Nd5 34. Nc1
Kd7 35. Nd3 Be7 36. Kg2 Nc3 37. g4 Kc6 38. Nf2 Bc5 39. Kf3 Nb5 40. Rd2 Nd4+ 41.
Kg3 a5 42. Nd3 Bb6 43. Nb2 Kd5 44. Nc4 Bd8 45. g5 Ke4 46. Kf2 Bc7 47. Nd6+ Kxf4
48. Rxd4+ Kxe5 49. Rh4 Bxd6 50. Rxh7 Kf4 51. h4 e5 52. Rxf7 e4 53. g6 e3+ 54.
Ke2 Ke4 55. g7 1-0

[Event "DEM U16 2006"]
[Site "Willingen GER"]
[Date "2006.06.04"]
[Round "2"]
[White "Müller, Reinhold"]
[Black "Lubbe, Nikolas"]
[Result "0-1"]
[Termination "normal"]
[Board "1"]
[WhiteElo "2114"]
[BlackElo "2263"]
[PlyCount "72"]
[WhiteFideId "24605875"]
[BlackFideId "4694031"]
[EventCountry "GER"]
[EventRounds "9"]
[EventType "swiss"]
[EventDate "2006.06.03"]

1. d4 Nf6 2. c4 c5 3. d5 d6 4. Nc3 g6 5. e4 Bg7 6. f4 O-O 7. Nf3 e6 8. Be2 exd5
9. cxd5 Bg4 10. O-O Nbd7 11. Nd2 Bxe2 12. Qxe2 Re8 13. Qf3 Rc8 14. Nc4 Nb6 15.
Na3 Qe7 16. Nab5 a6 17. Nxd6 Qxd6 18. e5 Qd7 19. exf6 Bxf6 20. Rd1 Bd4+ 21. Kh1
Bxc3 22. bxc3 Qxd5 23. Qxd5 Nxd5 24. Bd2 b5 25. Kg1 Re4 26. g3 Rce8 27. Rac1
Nb6 28. Be1 Na4 29. Bf2 Rc4 30. Rd6 Nxc3 31. Kf1 a5 32. Rc6 Rd8 33. Rxc5 Rxc5
34. Bxc5 b4 35. Rc2 Rd1+ 36. Kf2 Ra1 0-1

[Event "DEM U16 2006"]
[Site "Willingen GER"]
[Date "2006.06.04"]
[Round "2"]
[White "Tereick, Benjamin"]
[Black "Carlstedt, Jonathan"]
[Result "0-1"]
[Termination "normal"]
[Board "2"]
[WhiteElo "2238"]
[BlackElo "2094"]
[PlyCount "118"]
[WhiteFideId "24607541"]
[BlackFideId "24614386"]
[EventCountry "GER"]
[EventRounds "9"]
[EventType "swiss"]
[EventDate "2006.06.03"]

1. Nf3 Nf6 2. c4 g6 3. Nc3 Bg7 4. e4 d6 5. d4 b6 6. Bd3 Bb7 7. O-O Nbd7 8. h3
c5 9. d5 O-O 10. Be3 e6 11. Qd2 exd5 12. exd5 a6 13. Bf4 Qc7 14. a4 Rfe8 15.
Rae1 Rxe1 16. Rxe1 Re8 17. Re2 Bf8 18. Bh6 Rxe2 19. Bxe2 Bxh6 20. Qxh6 Qd8 21.
Ng5 Qe7 22. Nce4 Nf8 23. Nxf6+ Qxf6 24. Qxf8+ Kxf8 25. Nxh7+ Kg7 26. Nxf6 Kxf6
27. f4 Kf5 28. g3 Ke4 29. Kf2 Bc8 30. h4 f5 31. h5 gxh5 32. Bxh5 Kd3 33. Bf7
Kxc4 34. Be6 Bb7 35. Ke3 Kb3 36. g4 Kxb2 37. g5 c4 38. Kd4 c3 39. Bxf5 Bc8 40.
Bd3 Bd7 41. Ke4 b5 42. g6 Be8 43. axb5 axb5 44. Kf5 b4 45. Kf6 Bxg6 46. Kxg6 b3
47. f5 c2 48. f6 c1=Q 49. f7 Qf4 50. Bf5 Qg3+ 51. Kh7 Qh4+ 52. Kg7 Qg5+ 53. Bg6
Qe5+ 54. Kg8 Qxd5 55. Kg7 Qe5+ 56. Kg8 Qf6 57. Bh7 d5 58. f8=Q Qxf8+ 59. Kxf8
d4 0-1

[Event "DEM U16 2006"]
[Site "Willingen GER"]
[Date "2006.06.04"]
[Round "2"]
[White "Ohme, Melanie"]
[Black "Beck, Frederik"]
[Result "0-1"]
[Termination "normal"]
[Board "3"]
[WhiteElo "2081"]
[BlackElo "2225"]
[PlyCount "116"]
[WhiteFideId "4690745"]
[BlackFideId "4687388"]
[EventCountry "GER"]
[EventRounds "9"]
[EventType "swiss"]
[EventDate "2006.06.03"]

1. e4 c5 2. Nf3 e6 3. d4 cxd4 4. Nxd4 Nc6 5. Nc3 Qc7 6. Be3 a6 7. Qd2 Nf6 8. f3
Bb4 9. O-O-O Ne7 10. Nb3 d5 11. Qd3 Bxc3 12. bxc3 O-O 13. Kb1 Bd7 14. Bg5 Rac8
15. Bxf6 gxf6 16. c4 dxc4 17. Qxc4 Ng6 18. Qxc7 Rxc7 19. g3 Rfc8 20. Rd2 Ba4
21. f4 Bc6 22. Bg2 Ne7 23. Rhd1 f5 24. exf5 Bxg2 25. Rxg2 Nxf5 26. Rd3 Ne7 27.
Rgd2 Nd5 28. Nd4 Nc3+ 29. Kb2 Na4+ 30. Kb1 Nc3+ 31. Kb2 Ne4 32. Rg2 Nc5 33.
Rdd2 Na4+ 34. Kb1 b5 35. Nf3 Rc4 36. Rd4 Rc3 37. Ne5 Ra3 38. Rgd2 Re3 39. Rd8+
Kg7 40. a3 Nc3+ 41. Kb2 Na4+ 42. Ka2 Rcc3 43. R8d3 Rexd3 44. Nxd3 Nb6 45. Nb2
Kf6 46. Re2 Nd5 47. Nd1 h5 48. Kb2 Rf3 49. Rf2 Rxf2 50. Nxf2 Kf5 51. Kb3 Ne3
52. c3 Ng4 53. Nxg4 hxg4 54. Kb4 Ke4 55. a4 bxa4 56. Kxa4 Kd5 57. Ka5 Kc4 58.
Kxa6 f6 0-1

[Event "DEM U16 2006"]
[Site "Willingen GER"]
[Date "2006.06.04"]
[Round "2"]
[White "Kaczmarczyk, Dennis"]
[Black "Schneider, David"]
[Result "1-0"]
[Termination "normal"]
[Board "4"]
[WhiteElo "2075"]
[BlackElo "2188"]
[PlyCount "83"]
[WhiteFideId "24608297"]
[BlackFideId "4697111"]
[EventCountry "GER"]
[EventRounds "9"]
[EventType "swiss"]
[EventDate "2006.06.03"]

1. d4 Nf6 2. Bg5 e6 3. e4 c5 4. d5 d6 5. Nc3 Be7 6. Bb5+ Bd7 7. dxe6 fxe6 8. e5
dxe5 9. Nf3 Nc6 10. O-O Qc7 11. Bxc6 Bxc6 12. Re1 Bd6 13. Qe2 e4 14. Bxf6 gxf6
15. Nxe4 Be7 16. Nxf6+ Bxf6 17. Qxe6+ Be7 18. Ng5 Rf8 19. Nxh7 Rh8 20. Qg6+ Kd8
21. Rad1+ Kc8 22. Qe6+ Kb8 23. Qxe7 a6 24. Qxc7+ Kxc7 25. Ng5 Kb6 26. f3 Raf8
27. Rd3 Rhg8 28. Ne4 Rf5 29. Kf2 Rgf8 30. g4 Rf4 31. Kg3 c4 32. Rc3 Bd5 33. h4
Ka5 34. Ng5 b5 35. Re5 Rd4 36. Ne6 Re8 37. Nxd4 Rxe5 38. Kf4 Re1 39. a3 Rb1 40.
b4+ Ka4 41. h5 Ra1 42. g5 1-0

[Event "DEM U16 2006"]
[Site "Willingen GER"]
[Date "2006.06.04"]
[Round "2"]
[White "Klein, Felix"]
[Black "Holgert, Michael"]
[Result "1-0"]
[Termination "normal"]
[Board "5"]
[WhiteElo "2176"]
[BlackElo "1863"]
[PlyCount "105"]
[WhiteFideId "24600458"]
[BlackFideId "24668990"]
[EventCountry "GER"]
[EventRounds "9"]
[EventType "swiss"]
[EventDate "2006.06.03"]

1. e4 c5 2. Nf3 e6 3. d4 cxd4 4. Nxd4 a6 5. Bd3 Bc5 6. Nb3 Ba7 7. O-O Qc7 8. c4
Nc6 9. Nc3 Nf6 10. Qe2 h5 11. Kh1 Ne5 12. f4 Nxd3 13. Qxd3 Ng4 14. Qe2 d6 15.
Bd2 Qb6 16. Nd1 Qd8 17. Qe1 Bd7 18. Be3 Nxe3 19. Nxe3 Bc6 20. Nd5 h4 21. h3 Kf8
22. Nc3 Qb6 23. Rd1 Rd8 24. f5 exf5 25. Rxf5 Rh6 26. Qf1 f6 27. Nd5 Bxd5 28.
Rfxd5 Qf2 29. Qxf2 Bxf2 30. c5 Rg6 31. cxd6 Bb6 32. Nc5 Bxc5 33. Rxc5 Rd7 34.
Kg1 Kf7 35. Rh5 Ke6 36. Rxh4 Rg5 37. Kf2 Rxd6 38. Rxd6+ Kxd6 39. Rh7 Ke5 40.
Kf3 Kd4 41. h4 Rg6 42. g4 Ke5 43. Rh5+ Ke6 44. Kf4 b6 45. Rh8 Rh6 46. Rxh6 gxh6
47. b4 a5 48. bxa5 bxa5 49. a4 Ke7 50. Kf5 Kf7 51. e5 fxe5 52. Kxe5 Ke7 53. Kd5
1-0

[Event "DEM U16 2006"]
[Site "Willingen GER"]
[Date "2006.06.04"]
[Round "2"]
[White "Mangold, Thomas"]
[Black "Baldauf, Marco"]
[Result "0-1"]
[Termination "normal"]
[Board "6"]
[WhiteElo "1646"]
[BlackElo "2128"]
[PlyCount "70"]
[WhiteFideId "24671665"]
[BlackFideId "4688210"]
[EventCountry "GER"]
[EventRounds "9"]
[EventType "swiss"]
[EventDate "2006.06.03"]

1. f4 g6 2. Nf3 Bg7 3. e3 d5 4. d4 Nh6 5. c4 dxc4 6. Bxc4 Nf5 7. Nc3 O-O 8. Bd3
c5 9. Bxf5 Bxf5 10. d5 c4 11. Ne5 Nd7 12. e4 Nxe5 13. fxe5 Bd7 14. Bf4 f5 15.
Qd2 fxe4 16. e6 Bc8 17. Nxe4 Qb6 18. Nc3 Rd8 19. d6 Bxe6 20. Qe2 Bf7 21. dxe7
Rd3 22. Nd1 Re8 23. Nf2 Rd7 24. O-O Rexe7 25. Qf3 Bd5 26. Qg3 Bxb2 27. Rae1 Bd4
28. Rxe7 Rxe7 29. Bd2 Rf7 30. h3 h5 31. h4 Kh7 32. a3 Qc5 33. Bb4 Qb6 34. Be1
c3 35. Qd3 Qc5 0-1

[Event "DEM U16 2006"]
[Site "Willingen GER"]
[Date "2006.06.04"]
[Round "2"]
[White "Dinger, Florian"]
[Black "Kalisch, Michael"]
[Result "1-0"]
[Termination "normal"]
[Board "7"]
[WhiteElo "2205"]
[BlackElo "1824"]
[PlyCount "103"]
[WhiteFideId "24605573"]
[EventCountry "GER"]
[EventRounds "9"]
[EventType "swiss"]
[EventDate "2006.06.03"]

1. e4 c6 2. d4 d5 3. Nc3 dxe4 4. Nxe4 Bf5 5. Ng3 Bg6 6. h4 h6 7. Nf3 Nd7 8. h5
Bh7 9. Bd3 Bxd3 10. Qxd3 Qc7 11. Bd2 e6 12. O-O-O O-O-O 13. c4 Ngf6 14. Bc3 Be7
15. Qe2 Rhe8 16. Ne5 Nxe5 17. dxe5 Nd7 18. Kb1 a5 19. f4 b6 20. Ne4 Nc5 21.
Nd6+ Bxd6 22. exd6 Rxd6 23. Be5 Rxd1+ 24. Rxd1 Qe7 25. Qf3 Kb7 26. Bd6 Qf6 27.
Bxc5 Qf5+ 28. Qd3 bxc5 29. Qxf5 exf5 30. Rd7+ Kc8 31. Rxf7 Re1+ 32. Kc2 Re2+
33. Kb3 Rxg2 34. Rxf5 Kc7 35. Rxc5 Kb6 36. Rf5 a4+ 37. Ka3 Rc2 38. b3 axb3 39.
axb3 c5 40. Re5 Rg2 41. Re6+ Kc7 42. Ka4 Rg3 43. Rg6 Rxg6 44. hxg6 Kd7 45. f5
Ke7 46. b4 h5 47. b5 h4 48. b6 h3 49. b7 h2 50. b8=Q h1=Q 51. Qe5+ Kf8 52. Qd6+
1-0